Egypt /
Main Author:
Other Authors:
Format: Book
Language: English
Published:
London :
T. W. Laurie,
[1909].
Subjects:
Tags: Add Tag
Call Number: DT55 .V6 1909
| LEADER | 00673nam a2200193Ia 4500 | ||
|---|---|---|---|
| 003 | OSt | ||
| 005 | 20260329100539.0 | ||
| 008 | 211223s1909 enkaf 000 0 eng d | ||
| 040 | |c ARCE Library | ||
| 050 | 4 | |a DT55 .V6 1909 | |
| 100 | 1 | |a Loti, Pierre, |d 1850-1923, |e author | |
| 245 | 1 | 0 | |a Egypt / |c by Pierre Loti ; translated from the French by W. P. Baines ; and with eight illustrations in colour by A. Lamplough. |
| 264 | 1 | |a London : |b T. W. Laurie, |c [1909]. | |
| 300 | |a vii, 309 p., 7 col. plates : |b col. ill. ; |c 23 cm. | ||
| 651 | 0 | |a Egypt |x Description and travel. | |
| 700 | |a Baines, William Peter, |d 1878- | ||
| 901 | |a reviewed | ||
| 942 | |2 lcc |c BK | ||
| 999 | |c 41167 |d 41167 | ||
